000 00450nam a2200157 i 4500
001 20247
003 ES-MaACL
005 20230906152249.0
007 t|
008 021108s1975 ag ||||1| spa d
100 1 _aAguiar, Artagnan Angel.
_918666
245 1 0 _aDe cualquier color /
_cArtagnan Angel Aguiar.
260 _aBuenos Aires :
_bFrancisco A. Colombo,
_c[1975]
300 _a108 p., 4 lám. ;
_c20 cm.
852 _aES-MaACL
_jE-7771
_bR.91990
999 _c20247
_d20247